| 000 | 00450nam a22001337a 4500 | ||
|---|---|---|---|
| 008 | 230602b xxu||||| |||| 00| 0 eng d | ||
| 020 | _a9789291423941 | ||
| 082 |
_a305.42 _bIPU |
||
| 100 |
_cRick Jones _d2005 |
||
| 245 |
_aWomen And Work _bSeminar For Members Of Parliamentary Bodies Dealing With Gender Equality And Committees Addressing Labor Issues _cSenate Of The Philippines |
||
| 260 |
_aPhilippines _c2005 |
||
| 300 | _a131 pages | ||
| 942 |
_2ddc _cBK |
||
| 999 |
_c194 _d194 |
||